<?xml version="1.0" encoding="UTF-8"?><marc:collection xmlns:marc="http://www.loc.gov/MARC21/slim">
  <marc:record>
    <marc:leader>00000nam  2200000za 4500</marc:leader>
    <marc:controlfield tag="001">9.848718</marc:controlfield>
    <marc:controlfield tag="003">CaOODSP</marc:controlfield>
    <marc:controlfield tag="005">20221107153738</marc:controlfield>
    <marc:controlfield tag="007">cr |||||||||||</marc:controlfield>
    <marc:controlfield tag="008">171213s2017    quca    ob   f000 0 fre d</marc:controlfield>
    <marc:datafield tag="020" ind1=" " ind2=" ">
      <marc:subfield code="a">9780660242521</marc:subfield>
    </marc:datafield>
    <marc:datafield tag="040" ind1=" " ind2=" ">
      <marc:subfield code="a">CaOODSP</marc:subfield>
      <marc:subfield code="b">fre</marc:subfield>
    </marc:datafield>
    <marc:datafield tag="043" ind1=" " ind2=" ">
      <marc:subfield code="a">n-cn---</marc:subfield>
    </marc:datafield>
    <marc:datafield tag="086" ind1="1" ind2=" ">
      <marc:subfield code="a">R62-546/2017F-PDF</marc:subfield>
    </marc:datafield>
    <marc:datafield tag="100" ind1="1" ind2=" ">
      <marc:subfield code="a">Markewicz, Lauren.</marc:subfield>
    </marc:datafield>
    <marc:datafield tag="245" ind1="1" ind2="0">
      <marc:subfield code="a">Comme le tonnerre au loin </marc:subfield>
      <marc:subfield code="h">[ressource électronique] : </marc:subfield>
      <marc:subfield code="b">histoire de la conservation du bison au Canada / </marc:subfield>
      <marc:subfield code="c">Lauren Markewicz.</marc:subfield>
    </marc:datafield>
    <marc:datafield tag="246" ind1="3" ind2="0">
      <marc:subfield code="a">Histoire de la conservation du bison au Canada</marc:subfield>
    </marc:datafield>
    <marc:datafield tag="260" ind1=" " ind2=" ">
      <marc:subfield code="a">[Gatineau, QC] : </marc:subfield>
      <marc:subfield code="b">Parcs Canada, </marc:subfield>
      <marc:subfield code="c">c2017.</marc:subfield>
    </marc:datafield>
    <marc:datafield tag="300" ind1=" " ind2=" ">
      <marc:subfield code="a">76 p. : </marc:subfield>
      <marc:subfield code="b">ill. (certaines en coul.)</marc:subfield>
    </marc:datafield>
    <marc:datafield tag="500" ind1=" " ind2=" ">
      <marc:subfield code="a">Publ. aussi en anglais sous le titre : Like distant thunder: Canada's bison conservation story.</marc:subfield>
    </marc:datafield>
    <marc:datafield tag="500" ind1=" " ind2=" ">
      <marc:subfield code="a">Titre de la couv.</marc:subfield>
    </marc:datafield>
    <marc:datafield tag="500" ind1=" " ind2=" ">
      <marc:subfield code="a">Publ. aussi en format HTML.</marc:subfield>
    </marc:datafield>
    <marc:datafield tag="504" ind1=" " ind2=" ">
      <marc:subfield code="a">Comprend des références bibliographiques.</marc:subfield>
    </marc:datafield>
    <marc:datafield tag="520" ind1=" " ind2=" ">
      <marc:subfield code="a">« La préservation à long terme des bisons est l’une des plus grandes réussites de Parcs Canada. Comme le tonnerre au loin relate l’histoire généalogique des hardes de bisons de Parcs Canada. Même si bien des choses ont été écrites sur l’histoire des bisons et des peuples autochtones, sur la destruction des grandes hardes de bisons au cours du XIXe siècle et sur des hardes de conservation données, peu d’ouvrages dépeignent le travail de conservation des bisons dans son ensemble réalisé par Parcs Canada. Le présent document a donc pour but de réunir ces filons disparates pour former un récit cohésif sur les hardes de bisons gérées par le Canada » -- Introd., p. 1.</marc:subfield>
    </marc:datafield>
    <marc:datafield tag="693" ind1=" " ind2="4">
      <marc:subfield code="a">Bison d'Amérique</marc:subfield>
    </marc:datafield>
    <marc:datafield tag="693" ind1=" " ind2="4">
      <marc:subfield code="a">Conservation de la nature</marc:subfield>
    </marc:datafield>
    <marc:datafield tag="693" ind1=" " ind2="4">
      <marc:subfield code="a">Histoire</marc:subfield>
    </marc:datafield>
    <marc:datafield tag="710" ind1="2" ind2=" ">
      <marc:subfield code="a">Parcs Canada.</marc:subfield>
    </marc:datafield>
    <marc:datafield tag="775" ind1="0" ind2="8">
      <marc:subfield code="t">Like distant thunder </marc:subfield>
      <marc:subfield code="w">(CaOODSP)9.848715</marc:subfield>
    </marc:datafield>
    <marc:datafield tag="776" ind1="0" ind2="#">
      <marc:subfield code="t">Comme le tonnerre au loin :  </marc:subfield>
      <marc:subfield code="w">(CaOODSP)9.865502</marc:subfield>
    </marc:datafield>
    <marc:datafield tag="856" ind1="4" ind2="0">
      <marc:subfield code="q">PDF</marc:subfield>
      <marc:subfield code="s">6.90 Mo</marc:subfield>
      <marc:subfield code="u">https://publications.gc.ca/collections/collection_2018/pc/R62-546-2017-fra.pdf</marc:subfield>
    </marc:datafield>
    <marc:datafield tag="856" ind1="4" ind2=" ">
      <marc:subfield code="q">HTML</marc:subfield>
      <marc:subfield code="s">S.O.</marc:subfield>
      <marc:subfield code="u">https://www.pc.gc.ca/fr/pn-np/ab/elkisland/nature/eep-sar/bison</marc:subfield>
    </marc:datafield>
  </marc:record>
</marc:collection>
